000 00940nas a2200301 4500
001 BR2022000920
003 BR-BrBNA
005 20231205132322.0
007 ta
008 230509b bl.|||p| |||| 00| 00por d
040 _aBR-BrBNA
_bpor
_cBiblioteca Nacional de Agricultura
041 _a(En)
072 _aH60
100 1 _aBrito, I.P.F.S.
100 1 _aMoraes, C.P.
100 1 _aMarchesi, B.B.
100 1 _aCarbonari, C.A.
100 1 _aVelini, E.D.
245 1 _aSensitivity of morningglory plants and their progenies to glufosinate ammonium
650 _aCORDA DE VIOLA
650 _aERVA DANINHA
650 _aAMÔNIA
773 0 _tPlanta Daninha (Brazil)
_xISSN 1806-9681
_g(2017), v. 35 p. 1-10
_wBR2022000920
856 4 0 _uhttps://www.scielo.br/j/pd/a/QN6y6Jyzw6p6yR4WRkbZLPL/?format=pdf lang=en
856 4 0 _dLink DSPACE/MAPA BR2022000920
909 _a202311
_bLúcia
_c55
_dLúcia Elande
942 _2AGRIS
_n0
_cANA
999 _c259666
_d259666